000 00495nam a2200181Ia 4500
005 20250508151226.0
008 008 250505s9999 xx 000 0 eng d
037 _aTextual
040 _aFEDL
_beng
_cFEDL
041 _aeng
_2eng
084 _a372.4, MIL
_qFEDL
100 _aMilne B Lumsden
_9758681
245 0 _aModern speech training
260 _aLondon, UK
_bMacmillan and Co Limited
_c1951
300 _ax,60p
942 _cTEXL
_h372.4, MIL
999 _c1328333
_d1328333